000 00314nam a22001337a 4500
008 210225b ||||| |||| 00| 0 eng d
020 _a9781413312522
041 _aeng
080 _a316
100 _a50
101 _aSOC
245 _aBuilding a Parenting Agreement That Works
_cZemmelman,L.M
942 _2udc
_cBK
999 _c55184
_d55184